|
|
|
|
| LEADER |
00974nam a2200253 a 4500 |
| 001 |
13831087 |
| 008 |
101011r20092006njua b 000 0 eng d |
| 010 |
|
|
|a 2005042950
|
| 020 |
|
|
|a 0131861379
|
| 020 |
|
|
|a 9788131728512
|
| 040 |
|
|
|a DLC
|c DLC
|d DLC
|d BD-DhAAL
|
| 082 |
0 |
0 |
|a 512.7
|2 22
|
| 100 |
1 |
|
|a Silverman, Joseph H.,
|d 1955-
|
| 245 |
1 |
2 |
|a A friendly introduction to number theory /
|c Joseph H. Silverman.
|
| 250 |
|
|
|a 3rd ed.
|
| 260 |
|
|
|a Upper Saddle River, New Jersey ;
|a New Delhi :
|b Pearson Prentice Hall,
|c c2006.[Reprinted 2009]
|
| 300 |
|
|
|a vii, 434 p. :
|b ill. ;
|c 24 cm.
|
| 504 |
|
|
|a Includes bibliographical references (p. 418) and index.
|
| 541 |
|
|
|e 00021285
|
| 650 |
|
0 |
|a Number theory
|v Textbooks.
|
| 852 |
4 |
|
|a Ayesha Abed Library
|j General shelf
|
| 942 |
0 |
0 |
|0 1
|
| 999 |
|
|
|c 9737
|d 9737
|
| 952 |
|
|
|0 0
|1 0
|2 ddc
|4 0
|6 512_700000000000000_SIL_2009
|7 0
|9 12404
|a BRACUL
|b BRACUL
|c GEN
|d 2010-10-11
|g 383.25
|l 14
|m 52
|o 512.7 SIL
|p 3010021285
|r 2026-04-19
|s 2026-04-12
|w 2010-10-11
|y BK
|